|
|
|
|
| LEADER |
01166nam a2200313 a 4500 |
| 001 |
29724 |
| 003 |
BD-DhAAL |
| 005 |
20150823105802.0 |
| 008 |
150823s2010 ctu b 001 0 eng |
| 010 |
|
|
|a 2009026510
|
| 020 |
|
|
|a 9780300126563 (cloth : alk. paper)
|
| 020 |
|
|
|a 9780300171303 (pbk.)
|
| 035 |
|
|
|a (OCoLC)ocn424331945
|
| 040 |
|
|
|a DLC
|c DLC
|d YDX
|d YDXCP
|d ORX
|d CDX
|d BWX
|d OKS
|d DLC
|d BD-DhAAL
|
| 050 |
0 |
0 |
|a PN241
|b .G75 2010
|
| 082 |
0 |
0 |
|a 418.02
|2 22
|
| 100 |
1 |
|
|a Grossman, Edith,
|d 1936-
|9 14003
|
| 245 |
1 |
0 |
|a Why translation matters /
|c Edith Grossman.
|
| 260 |
|
|
|a New Haven [Conn.] :
|b Yale University Press,
|c c2010.
|
| 300 |
|
|
|a xi, 135 p. ;
|c 21 cm.
|
| 490 |
1 |
|
|a Why X matters
|
| 504 |
|
|
|a Includes bibliographical references (p. [125]-126) and index.
|
| 541 |
|
|
|e 29724
|
| 650 |
|
0 |
|a Literature
|v Translations.
|9 14004
|
| 650 |
|
0 |
|a Translating and interpreting.
|9 14005
|
| 830 |
|
0 |
|a Why X matters.
|9 14006
|
| 942 |
|
|
|2 ddc
|c BK
|
| 999 |
|
|
|c 35303
|d 35303
|
| 952 |
|
|
|0 0
|1 0
|2 ddc
|4 0
|6 418_020000000000000_GRO
|7 0
|9 55480
|a BRACUL
|b BRACUL
|c GEN
|d 2015-08-23
|e Karim International
|g 1360.00
|l 1
|m 8
|o 418.02 GRO
|p 3010029724
|r 2019-05-25
|s 2019-03-23
|t 1
|w 2015-08-23
|y BK
|